| 000 | 00633nam a2200229Ia 4500 | ||
|---|---|---|---|
| 003 | OSt | ||
| 005 | 20220918193624.0 | ||
| 006 | a|||||r|||| 00| 0 | ||
| 007 | ta | ||
| 008 | 220917b |||||||| |||| 00| 0 eng d | ||
| 024 | _a74,154 | ||
| 037 | _cTextual | ||
| 040 |
_aARTS _cARTS _beng |
||
| 041 |
_2eng _aeng |
||
| 082 | _aR635:g, K8 (ER) | ||
| 100 | _aCatalina Francis V | ||
| 245 | 0 | _aStudy of the self-concept of Sankhya yoga philosophy | |
| 260 |
_aDelhi _bMunshiram Manoharlal _c1968 |
||
| 650 |
_aYOGA _92333 |
||
| 942 |
_hR635:g, K8 (ER) _cTEXL _2CC |
||
| 999 |
_c199739 _d199739 |
||